000 00594nam a2200217Ia 4500
005 20250508154439.0
008 008 250505s9999 xx 000 0 eng d
037 _aTextual
040 _aFEDL
_beng
_cFEDL
041 _aeng
_2eng
084 _a010, GIR
_qFEDL
100 _aGirja Kumar Ed.
_9762606
245 0 _aDocumentation on Asia Vol 1 1960
260 _aNew Delhi, India
_bAllied Publishers
_c1963
300 _axx,253p
365 _aINR
_b20
650 _aDocumentation
700 _a Machwe V Ed.
_9765462
942 _cTEXL
_h010, GIR
999 _c1350306
_d1350306